[Event "USA Championship Women 2021"]
[Site "Saint Louis"]
[Date "2021.10.12"]
[Round "6.5"]
[White "Sharevich, Anna"]
[Black "Yip, Carissa"]
[Result "0-1"]
[WhiteElo "2276"]
[BlackElo "2402"]
[Annotator "TA"]
[PlyCount "98"]
[EventDate "2021.10.06"]
[EventCountry "USA"]
[SourceTitle "playchess.com"]
[Source "ChessBase"]
[SourceQuality "1"]

{[%evp 9,98,30,67,-30,66,63,129,42,42,39,28,32,41,18,29,11,13,7,0,0,1,-8,-19,-120,-14,-14,-10,-17,0,-6,2,2,22,13,18,20,21,14,14,0,10,0,25,29,37,0,-7,-8,-7,-21,-28,-48,-35,-137,-134,-130,-35,-105,-69,-52,-63,-184,-152,-355,-361,-748,-736,-816,-417,-5481,-348,-731,-692,-681,-447,-441,-366,-444,-350,-473,-465,-414,-356,-489,-481,-735,-674,-785,-768,-729,-740]} 1. d4 g6 2. Bf4 Bg7 3. Nf3 d6 4. Nc3 Nd7 5. e4 c5 {Threatening ...cxd4.} 6. Bc4 {[#] A41: 1 d4 d6: Tartakower System and Modern Defence.} (6. e5 $14) 6... Qa5 $146 (6... cxd4 $11 7. Nxd4 e5 {[%mdl 64] Double Attack}) ({Predecessor:} 6... Qb6 7. Nd5 Qd8 8. O-O cxd4 9. Ng5 Nh6 10. Qf3 O-O 11. Rad1 Ne5 12. Qb3 Nxc4 13. Qxc4 {0-1 (55) Knott,T (1484)-Khalimov,K (1783) Frankfurt 2010}) 7. Bd2 $14 h6 (7... Bxd4 $14 8. Nd5 Qd8) 8. Nd5 (8. e5 $16) 8... Qd8 $1 9. Bc3 cxd4 10. Bxd4 Ngf6 11. O-O e5 12. Nxf6+ Nxf6 13. Bc3 O-O 14. Qd3 Qc7 15. Bb4 Rd8 16. a4 (16. Rfe1 $11 {keeps the balance.}) 16... b6 (16... d5 $17 17. Bxd5 (17. exd5 $2 e4 $19 {[%mdl 64] Double Attack}) 17... Rxd5 $1 18. exd5 e4 {[%mdl 64] Double Attack}) 17. Nd2 $11 Bb7 18. Bd5 Nxd5 19. exd5 a5 20. Ba3 Ba6 21. c4 f5 22. f3 Bc8 23. Kh1 Bd7 24. Qc2 Be8 25. Rae1 Qd7 26. b3 g5 27. Bb2 Bg6 28. Bc3 Kh7 29. Qb2 Rg8 30. g3 Rae8 31. f4 ({Better is} 31. Qc1 $15) 31... gxf4 $17 32. gxf4 e4 (32... Bh5 $17 33. fxe5 dxe5) 33. Re3 (33. Bxg7 $15 Qxg7 34. Qxg7+ Kxg7 35. Rg1) 33... Bxc3 34. Qxc3 Bh5 35. Rg1 ({White should try} 35. Rh3 $15 Bg4 36. Rg3) 35... Qe7 36. Qc1 {White does not recover from this.} (36. Reg3 $17 {keeps fighting.}) 36... Qf6 $19 37. Rxg8 $2 (37. Qe1 Rxg1+ 38. Kxg1) 37... Rxg8 38. Qe1 Qd4 39. Rh3 {[#]} (39. Qf2 $142 Qa1+ 40. Nf1) 39... Bf7 $2 (39... Be2 $1 {[%mdl 512] ...e3 is the strong threat.} 40. Rg3 e3 $1 41. Qxe2 exd2 42. Rxg8 d1=Q+ 43. Qxd1 Qxd1+ 44. Rg1 Qxb3 {[%mdl 64] Double Attack}) 40. Rg3 {[#]} (40. Re3) 40... Rxg3 $1 41. hxg3 Bh5 {Strongly threatening ...e3.} 42. Nf1 Bf3+ 43. Kh2 Kg6 44. Ne3 Qb2+ 45. Kg1 h5 46. Qf2 Qxb3 {Black is clearly winning.} 47. Nf1 (47. Kh2 $142 Qxa4 48. g4) 47... Qxc4 48. Qxb6 Qxd5 49. Qe3 Bd1 {Weighted Error Value: White=0.75/Black=0.51} 0-1

[Event "USA Championship Women 2021"]
[Site "Saint Louis"]
[Date "2021.10.12"]
[Round "6.6"]
[White "Paikidze, Nazi"]
[Black "Abrahamyan, Tatev"]
[Result "1/2-1/2"]
[WhiteElo "2374"]
[BlackElo "2344"]
[Annotator "TA"]
[PlyCount "75"]
[EventDate "2021.10.06"]
[EventCountry "USA"]
[SourceTitle "playchess.com"]
[Source "ChessBase"]
[SourceQuality "1"]

{[%evp 14,75,8,0,0,8,70,0,0,0,0,-7,8,8,7,26,11,22,15,-29,29,20,34,3,31,0,7,8,6,0,0,0,9,0,0,0,0,0,0,0,0,0,0,0,0,0,0,0,0,0,0,0,0,0,0,0,0,0,0,0,0,0,0,0]} 1. Nf3 Nf6 2. g3 e6 3. Bg2 d5 4. O-O b5 5. d3 c5 6. Nbd2 Nc6 7. e4 Be7 8. Re1 Bb7 {C00: French: Unusual White 2nd moves.} 9. exd5 exd5 {[#]} (9... Nxd5 $11 10. a4 a6) 10. Ne5 $146 (10. Nb3 $14) ({Predecessor:} 10. d4 c4 11. Nf1 O-O 12. Bg5 h6 13. Bxf6 Bxf6 14. c3 Qd6 15. Ne3 Rab8 16. Qd2 {1-0 (30) Danielsen,H (2498)-Rusev,K (2525) Odense 2012}) 10... Nxe5 $11 11. Rxe5 O-O 12. Nf1 Qc7 13. Re1 d4 14. Bf4 Qd7 15. Bxb7 Qxb7 16. Be5 Rfe8 ({Better is} 16... Nd5) 17. Bxf6 Bxf6 18. Nd2 (18. a4 {seems wilder.} b4 19. Nd2 g6 20. b3 Qc6 21. Qg4) 18... Be7 19. Qf3 (19. a4 {looks sharper.} bxa4 20. Rxa4 Qxb2 21. Nb3 a5 22. Qd2) 19... Qxf3 {The position is equal.} 20. Nxf3 Bd6 21. a4 b4 22. Nd2 f5 23. Kg2 Kf7 24. Kf3 Rxe1 25. Rxe1 Re8 26. Rxe8 Kxe8 {[%mdl 4096] Endgame KB-KN} 27. Ke2 Kf7 28. Nc4 Bc7 29. Nd2 Ke6 30. f4 Bd6 31. Kf3 Bc7 32. g4 g6 33. g5 Bd6 34. b3 Bc7 35. Nf1 Bd6 36. Nd2 Bc7 37. Nf1 Bd6 38. Nd2 {Not much happened in this game.  Weighted Error Value: White=0.08/Black=0.08} 1/2-1/2

[Event "USA Championship Women 2021"]
[Site "Saint Louis"]
[Date "2021.10.13"]
[Round "7.1"]
[White "Cervantes Landeiro, Thalia"]
[Black "Sharevich, Anna"]
[Result "0-1"]
[WhiteElo "2175"]
[BlackElo "2276"]
[Annotator "TA"]
[PlyCount "80"]
[EventDate "2021.10.06"]
[EventCountry "USA"]
[SourceTitle "playchess.com"]
[Source "ChessBase"]
[SourceQuality "1"]

{[%evp 29,80,45,43,45,29,25,39,19,17,18,18,26,21,20,19,25,42,11,11,0,0,-11,-10,-68,-35,-93,-97,-127,-160,-506,-277,-316,-293,-687,-706,-693,-672,-1244,-1209,-1157,-993,-1502,-1254,-1243,-1208,-1595,-1516,-29973,-5385,-2290,-2233,-29995,-29996]} 1. d4 d5 2. c4 e6 3. Nc3 Nf6 4. Nf3 Nbd7 5. cxd5 exd5 6. Bf4 c6 7. h3 Be7 8. e3 O-O 9. Bd3 Re8 10. O-O Nf8 11. Qc2 Ng6 12. Bh2 Bd6 13. Rab1 Bxh2+ 14. Kxh2 Qd6+ 15. Kg1 Bd7 16. b4 {D35: Queen's Gambit Declined: Exchange Variation.} Rac8 17. a4 {[#]} Qe7 $146 ({Predecessor:} 17... a6 18. Qb3 Ne4 19. Bxe4 dxe4 20. Ng5 Qe7 21. Ngxe4 Bf5 22. Nc5 b6 23. e4 Bxh3 24. Nxa6 Qg5 25. g3 Nf4 26. Rfe1 Qh5 27. Qd1 Bg4 28. f3 Qh3 29. Qd2 Qxg3+ {0-1 (27) Gago Padreny,I (2247)-Katzir,M (2159) Chess.com INT 2021}) 18. Rfe1 {White is slightly better.} Ne4 19. Bxe4 dxe4 20. Nd2 {[%cal Rc3e4]} f5 21. Ne2 Be6 22. Qc5 Qd7 23. a5 a6 24. Nc3 Qf7 25. Na4 Rcd8 {[%cal Bc8d8,Bd8d6,Bd6g6][%mdl 32]} 26. Qc3 ({White should play} 26. Nc3 $11) 26... Bd5 (26... f4 $5 {[%cal Rf4f3]} 27. Nc5 (27. Nxe4 Ba2 $15) 27... f3 $15) 27. Nc5 (27. g3 $15) 27... Rd6 $17 28. Rbc1 Nh4 $1 {[%cal Bg6h4,Bh4g2,Bg2e1,Be1f3][%mdl 32]} 29. Nf1 $2 (29. g3 $17 {was the crucial defense.} Nf3+ 30. Nxf3 exf3 31. Qd3) 29... Rg6 30. Ng3 h5 31. Qd2 $2 (31. Kf1) 31... f4 $19 32. exf4 {[#]} Nxg2 $1 {[%mdl 512] ...e3 is the strong threat.} 33. f5 (33. Re3 Nxe3) 33... Nxe1 34. fxg6 Nf3+ {[%mdl 64] Double Attack} 35. Kh1 Qxg6 (35... Nxd2 $2 36. gxf7+ Kxf7 37. Kg1 $19) 36. Qe3 h4 37. Ne2 Rf8 38. Ng1 {[#]} Qd6 (38... Nd2 $142 $1 {[%mdl 512]} 39. Ne2 {[#]} (39. Ne6 Qxe6) 39... Rxf2 $3 {[%mdl 512]} 40. Rg1 Rxe2 $1 {[%mdl 512]} 41. Rxg6 Rxe3 42. Kg1 Re2 43. Nxe4 Bxe4 44. Re6 Rg2+ 45. Kh1 Rg3+ 46. Rxe4 Nxe4 47. Kh2 Nd2 48. d5 Nf3+ 49. Kh1 Rg1#) 39. Nxf3 Rxf3 ({Not} 39... exf3 40. Rg1 $15) 40. Nxe4 Rxe3 {Weighted Error Value: White=1.45/Black=0.30} 0-1

[Event "USA Championship Women 2021"]
[Site "Saint Louis"]
[Date "2021.10.13"]
[Round "7.2"]
[White "Lee, Megan"]
[Black "Paikidze, Nazi"]
[Result "1-0"]
[WhiteElo "2211"]
[BlackElo "2374"]
[Annotator "TA"]
[PlyCount "129"]
[EventDate "2021.10.06"]
[EventCountry "USA"]
[SourceTitle "playchess.com"]
[Source "ChessBase"]
[SourceQuality "1"]

{[%evp 10,129,47,44,40,43,47,43,32,29,25,-22,-4,-7,0,0,4,3,23,-32,-30,-31,-14,-13,-19,-72,-27,-8,-37,-26,-14,-12,0,0,0,0,9,-68,-32,-37,-34,-47,-15,-12,0,0,0,0,0,0,25,24,45,38,33,18,16,12,55,49,102,44,103,109,141,134,123,114,262,260,292,287,277,264,314,277,328,302,296,294,352,340,403,402,393,339,631,631,618,613,1097,1097,1627,1560,1895,1673,1130,1481,5078,4812,29988,6012,942,0,10656,6714,2370,2135,29984,29985,29985,29986,29986,29987,29987,29988,29988,29989,29989,29990,29990,29989]} 1. e4 g6 2. d4 Bg7 3. Nf3 d6 4. Be3 Nd7 {[%cal Bb8d7,Bd7f6,Bf6h5,Bh5g3][%mdl 32]} 5. Nc3 a6 6. a4 b6 {B06: Modern Defence.} 7. Bc4 e6 8. Qd2 Bb7 {White is slightly better.} 9. Bg5 Ndf6 10. Qe2 {Black must now prevent e5.} (10. d5 $5 {[%cal Rd5e6]}) 10... h6 {[#]} 11. Bh4 $146 ({Predecessor:} 11. Bd2 Ne7 12. h3 d5 13. Bd3 c5 14. exd5 exd5 15. Qd1 Ne4 16. O-O cxd4 17. Ne2 {0-1 (46) Novkovic,J (2174)-Ballmann,M (2393) Switzerland 2018}) 11... g5 12. Bg3 Nh5 13. O-O-O Ne7 14. Ne1 ({White should play} 14. d5 $11) 14... Nxg3 $15 15. hxg3 Qd7 16. d5 exd5 17. Nxd5 (17. exd5 $11 Bxc3 18. bxc3) 17... Bxd5 18. Bxd5 Nxd5 19. exd5+ Kf8 20. Qe4 Re8 21. Qc4 b5 22. axb5 axb5 23. Qb3 (23. Qc6 $11 Qxc6 24. dxc6) 23... Ra8 24. Nd3 Bf6 25. f3 Kg7 26. g4 c5 27. dxc6 $1 Qxc6 28. c3 Qb6 29. Kc2 Rac8 30. Nb4 Be5 31. Nd5 Qa7 32. Rd2 ({Not} 32. Qxb5 $2 Rb8 $17) 32... Rb8 33. Re1 Rhc8 (33... b4 $5 34. Nxb4 Rb5 $14) 34. Re4 Kh7 {White stays focused until the end.} ({Better is} 34... Rc6 $14) 35. Nb4 (35. g3 $16) 35... Rc5 (35... Kg7 $14) 36. Nd3 $16 Rc4 37. Rxc4 bxc4 38. Qxc4 Bf6 (38... Kg8 $16 {is a better defense.} 39. Rd1 (39. Nxe5 dxe5 40. b4 Qa4+ 41. Qb3 Qa6 $16) 39... Kg7) 39. Nb4 $18 {aiming for Nc6.} Qa4+ 40. Qb3 Qe8 41. Rxd6 Be5 42. Rd1 Bf4 43. Kb1 Kg8 44. Qc2 Ra8 45. Nd5 {Threatens to win with Nf6+.} Be5 46. Qe4 Rb8 47. Rd2 {Hoping for Re2.} ({Less strong is} 47. Re1 Qb5 $18) 47... Kg7 $2 (47... Qe6 48. b4 Bg7) 48. Re2 f6 {[#]} 49. Nxf6 $1 {[%mdl 576] Pin} Qd8 {And now ...Qd1+ would win.} (49... Kxf6 50. Qf5+) 50. Nh5+ Kg8 51. Qg6+ Kh8 52. Qxh6+ Kg8 53. Qe6+ {[%mdl 64] Double Attack} Kh7 54. Kc2 Qa5 55. Qf5+ (55. Qe7+ $142 Kg8 56. Rxe5 {[%mdl 64] Double Attack} Qa4+ 57. Kd2 Rxb2+ 58. Ke3 Re2+ {[%mdl 64] Decoy} 59. Kxe2 Qc2+ 60. Kf1) 55... Kh6 56. Rxe5 $2 (56. Qxe5 $18 {[%csl Gh5][%cal Re5g7]} Qa4+ 57. b3 Qxb3+ 58. Kd2 Qa2+ 59. Ke1 Rb1+ 60. Kf2 Qa7+ 61. Kg3) 56... Qa4+ $2 {[%mdl 8192] [#]} (56... Rxb2+ $11 57. Kd3 (57. Kxb2 Qxc3+ 58. Ka2 Qb2+ 59. Kxb2 $11) 57... Rd2+ {[%mdl 64] Decoy} 58. Kxd2 Qxc3+ 59. Ke2 Qd2+ 60. Kf1 Qe1+ 61. Kxe1) 57. Kc1 $1 {[%cal Re5e6]} Qa1+ 58. Qb1 {[%cal Re5e6]} Qa6 59. Ng3 {White mates.} Rd8 60. Nf5+ Kh7 61. Nd6+ Kh8 62. Nf7+ {[%mdl 64] Double Attack} Kg7 63. Nxd8 Qf1+ 64. Kc2 Qf2+ 65. Kd3 {Weighted Error Value: White=0.13/Black=0.43} 1-0

[Event "USA Championship Women 2021"]
[Site "Saint Louis"]
[Date "2021.10.13"]
[Round "7.3"]
[White "Yip, Carissa"]
[Black "Zatonskih, Anna"]
[Result "1-0"]
[WhiteElo "2402"]
[BlackElo "2422"]
[Annotator "TA"]
[PlyCount "57"]
[EventDate "2021.10.06"]
[EventCountry "USA"]
[SourceTitle "playchess.com"]
[Source "ChessBase"]
[SourceQuality "1"]

{[%evp 10,57,43,14,11,-39,0,0,0,0,12,-23,0,7,15,18,20,-13,0,-57,0,0,0,-14,12,0,0,-13,0,0,0,0,20,43,57,59,95,73,97,83,137,145,125,147,131,129,422,409,585,530]} 1. e4 e6 2. d4 d5 3. e5 c5 4. c3 Qb6 5. Nf3 Bd7 6. Bd3 cxd4 {C02: French: Advance Variation.} 7. O-O dxc3 8. Nxc3 {[#]} Ne7 $146 {The position is equal.} ({Predecessor:} 8... Na6 9. Be3 Bc5 10. Na4 Qa5 11. Nxc5 Nxc5 12. Bxc5 Qxc5 13. b4 Qb6 14. a4 Ne7 {0-1 (37) Radosavljevic,S (2226)-Jovanovic,B (2235) Pozarevac 2013}) 9. h4 h6 10. h5 Qd8 11. Be3 Nec6 12. Rc1 Be7 13. Bb1 Na5 14. Qd4 ({Better is} 14. b3 $11) 14... Nbc6 (14... Nc4 $1 $15) 15. Qg4 $11 Kf8 16. b3 Rc8 17. Ne2 {[%cal Bc3e2,Be2d4,Bd4b5][%mdl 32]} b6 18. Rcd1 Rc7 19. Qg3 Bc8 20. Nfd4 Nxd4 (20... Ba6 $5 {[%cal Rc6d4]}) 21. Nxd4 Nc6 22. Nb5 $1 {[%mdl 1024] White has compensation.} Rd7 {[#]} 23. f4 $1 d4 24. Bf2 Bc5 {[#]} (24... Bb7 $142) 25. f5 $1 $16 {[%cal Rf5e6] And now fxe6 would win.} exf5 26. Bxf5 Re7 27. Be4 Nxe5 {[%mdl 8192]} (27... Qd7 $16) 28. b4 $18 {[%mdl 64] Decoy} Bxb4 (28... Bg4 {was necessary.} 29. bxc5 Bxd1) 29. Rxd4 {[%mdl 64] Double Attack.  Weighted Error Value: White=0.12/Black=0.32} 1-0

[Event "USA Championship Women 2021"]
[Site "Saint Louis"]
[Date "2021.10.13"]
[Round "7.4"]
[White "Krush, Irina"]
[Black "Eswaran, Ashritha"]
[Result "1-0"]
[WhiteElo "2429"]
[BlackElo "2244"]
[Annotator "TA"]
[PlyCount "75"]
[EventDate "2021.10.06"]
[EventCountry "USA"]
[SourceTitle "playchess.com"]
[Source "ChessBase"]
[SourceQuality "1"]

{[%evp 18,75,33,15,52,17,41,25,19,22,22,13,16,47,59,15,36,24,34,16,22,6,7,0,11,8,22,19,68,71,79,71,70,68,72,55,49,50,27,32,72,62,79,74,151,179,171,131,480,457,589,590,5601,5601,5306,5306,2747,2537,29997,29998]} 1. d4 Nf6 2. c4 e6 3. Nf3 d5 4. Nc3 Be7 5. Bf4 O-O 6. e3 c5 7. dxc5 Bxc5 8. Qc2 Nc6 9. a3 Qa5 10. Rd1 Re8 {Threatens to win with ...e5. 10...Rd8 is the modern continuation. D37: Queen's Gambit Declined: 5 Bf4.} 11. Nd2 e5 12. Bg5 {And now Nb3 would win.} Nd4 {[%cal Rd4c2] White has an edge.} 13. Qb1 (13. exd4 exd4+ 14. Be2 (14. Ne2 $2 Ng4 $19) 14... dxc3 $17) 13... Bf5 14. Bd3 Bxd3 15. Qxd3 {Strongly threatening Bxf6.} Ne4 16. Nxd5 ({Stronger than} 16. exd4 exd4 17. O-O (17. Ncxe4 $2 dxe4 18. Qb1 e3 $17 {[%mdl 64] Pin}) 17... dxc3 $17) (16. Ncxe4 {with more complications.} dxe4 17. Qxe4 Nb3 18. Qd3 Nxd2 19. Rxd2 Bf8 20. Qd5) 16... Nxg5 17. b4 Qd8 18. bxc5 {Hoping for h4.} Nde6 19. O-O Nxc5 {[#]} 20. Qc2 $146 ({Predecessor:} 20. Qb1 Qc8 21. f4 exf4 22. Rxf4 f6 23. h4 Nf7 24. Rxf6 gxf6 25. Nxf6+ Kf8 26. Qxh7 {1-0 (64) Tabatabaei,M (2629)-Esipenko,A (2682) Chess.com INT 2020}) 20... Nge6 21. Nf3 f6 22. h4 e4 {[#]} 23. Nc3 $1 Qa5 (23... Qe7 24. Nxe4) 24. Nxe4 Qxa3 25. Nd6 Red8 26. h5 Qa6 27. Nf5 Qa4 28. Qe2 Rxd1 29. Rxd1 Ne4 {White must now prevent ...Nc3.} 30. Rd5 Rd8 {[#]} (30... Kh8 $142) 31. N3d4 $1 $16 {[%cal Rd4e6]} Rxd5 32. cxd5 N6g5 {[%mdl 8192] Loses the game.} (32... N6c5 $16) 33. f4 $18 Nf7 34. Kh2 Qa1 35. Qb5 {[%cal Rb5e8]} ({Less strong is} 35. Qg4 Qh1+ 36. Kxh1 Nf2+ 37. Kh2 Nxg4+ 38. Kg3 Ngh6 $16) 35... Ned6 36. Nxd6 Nxd6 37. Qd7 {Intending Ne6 and mate.} Qa3 38. Ne6 {[%csl Ge6][%cal Rd7g7] Weighted Error Value: White=0.05/Black=0.57} 1-0

[Event "USA Championship Women 2021"]
[Site "Saint Louis"]
[Date "2021.10.13"]
[Round "7.5"]
[White "Abrahamyan, Tatev"]
[Black "Nemcova, Katerina"]
[Result "1/2-1/2"]
[WhiteElo "2344"]
[BlackElo "2331"]
[Annotator "TA"]
[PlyCount "124"]
[EventDate "2021.10.06"]
[EventCountry "USA"]
[SourceTitle "playchess.com"]
[Source "ChessBase"]
[SourceQuality "1"]

{[%evp 21,124,27,20,18,46,37,42,30,60,25,24,16,31,0,0,0,0,0,7,0,8,4,20,16,14,0,18,16,13,14,6,8,14,8,31,15,12,7,25,3,39,35,45,33,55,31,37,34,52,50,47,45,62,48,43,45,52,61,88,59,104,40,41,48,67,38,42,16,30,20,21,20,18,24,22,0,5,5,5,5,5,0,0,0,0,-30,-24,-19,-29,-26,0,0,0,0,0,0,0,0,0,0,0,0,0,0,0]} 1. e4 c5 2. Nf3 Nc6 3. d4 cxd4 4. Nxd4 e5 5. Nb5 d6 6. c4 Be7 7. N1c3 a6 8. Na3 f5 9. exf5 Bxf5 10. Bd3 Be6 11. O-O Nf6 12. Nc2 {B32: Sicilian: Löwenthal and Kalashnikov Variations.} O-O 13. b3 (13. Nd5 $5) 13... Qe8 14. Bb2 {[#] White is slightly better.} Qf7 $146 ({Predecessor:} 14... Rc8 15. Ne3 Kh8 16. Bf5 Nd4 17. Bxe6 Nxe6 18. Ncd5 Nxd5 19. Qxd5 Nf4 20. Qxb7 Nd3 {1-0 (41) Arman,D (2313)-Eriksson,C (2149) Ballerup 2015}) 15. Ne4 Nh5 16. Ng3 Nf4 17. Be4 d5 18. cxd5 Bxd5 19. Bxd5 Nxd5 20. Ne3 Rad8 {[#] aiming for ...Nxe3.} 21. Nxd5 Rxd5 22. Qe2 Nd4 23. Qe4 Bg5 24. Rad1 {[%cal Rb2d4]} Rfd8 {next ...Nf3+! is good for Black.} 25. Bxd4 exd4 26. Qd3 Bf4 27. Ne4 Bd6 28. Rc1 Bf4 29. Rc2 Qf5 30. Re1 Be5 31. g3 g5 32. f3 Kh8 33. Rce2 Bg7 34. Kg2 h6 35. Nf2 Qxd3 36. Nxd3 Bf6 37. Rc2 Kg7 38. f4 Kf7 39. Kf3 a5 40. Ree2 b6 41. Re4 ({Better is} 41. Rc7+ $16 R5d7 42. Rec2) 41... gxf4 $14 42. Rxf4 Kg7 43. h4 R8d7 44. Ke2 R5d6 45. Kd2 Re7 46. Rf3 Kh7 47. Rc1 Bg7 48. Rc8 Rde6 49. Nf4 Re3 50. Rxe3 Rxe3 $11 {[%mdl 4096] Endgame KRB-KRN} 51. Nh5 {[#] Threatens to win with Rc7.} Be5 52. g4 Re4 53. Kd3 (53. Rc7+ {keeps more tension.} Kg8 54. Rc6 Rxg4 55. Nf6+ Bxf6 56. Rxf6 Rxh4 57. Rxb6 Rh2+ 58. Kd3) 53... Rxg4 54. Re8 Bh8 55. Re4 Rg2 56. Re7+ {The position is equal.} Kg8 57. Re8+ Kh7 58. Re7+ Kg8 59. Re8+ Kh7 60. Re7+ Kg8 61. Re8+ Kh7 62. Re7+ Kg8 {Weighted Error Value: White=0.09/Black=0.08} 1/2-1/2

[Event "USA Championship Women 2021"]
[Site "Saint Louis"]
[Date "2021.10.13"]
[Round "7.6"]
[White "Tokhirjonova, Gulrukhbegim"]
[Black "Foisor, Sabina-Francesca"]
[Result "1/2-1/2"]
[WhiteElo "2322"]
[BlackElo "2205"]
[Annotator "TA"]
[PlyCount "149"]
[EventDate "2021.10.06"]
[EventCountry "USA"]
[SourceTitle "playchess.com"]
[Source "ChessBase"]
[SourceQuality "1"]

{[%evp 13,149,0,30,22,21,12,16,5,9,0,25,20,37,3,31,-20,30,10,12,0,14,0,12,10,14,0,0,0,54,49,58,57,55,47,56,68,371,359,407,368,512,100,110,8,9,1,72,49,89,33,51,52,96,92,86,58,143,97,96,84,87,66,75,54,86,75,75,75,75,70,68,61,93,79,93,93,93,93,93,56,59,54,93,93,84,93,93,68,85,31,118,118,118,118,118,118,118,118,118,118,118,118,118,118,158,118,118,118,118,118,118,118,118,118,118,118,118,118,118,118,118,156,162,162,162,118,118,0,0,0,0,0,0,0,0,0,0,0]} 1. Nf3 d5 2. e3 Nf6 3. c4 e6 4. b3 Be7 5. Nc3 O-O 6. Bb2 c5 7. cxd5 exd5 8. d4 {A13: English Opening: 1...e6.} b6 9. Be2 Bb7 10. O-O Nbd7 11. Bd3 Rc8 12. Rc1 a6 {[#]} 13. Bf5 $146 ({Predecessor:} 13. Ne2 Re8 14. Ne5 g6 15. Nxd7 Nxd7 16. Re1 Bf6 17. Qd2 Bg5 18. Nf4 Nf6 19. f3 Qd6 {½-½ (27) Simek,J (2141)-Naeter,B (2211) ICCF email 2016}) 13... g6 14. Bb1 (14. Bh3 $14) 14... b5 15. dxc5 Nxc5 16. Nd4 Qd7 17. h3 b4 18. Nce2 a5 19. Nf3 Ba6 20. Re1 Nfe4 (20... Nce4 $11) 21. Nf4 ({Not} 21. Qd4 Bf6 $17) 21... Rfd8 22. Ne5 ({Don't go for} 22. Qd4 $2 Bf6 $19) 22... Qd6 23. Ng4 f6 24. Qd4 {Black must now prevent f3.} Bb7 $2 {[%mdl 8192]} (24... Kg7 $14) 25. f3 $1 $18 Nc3 26. Bxc3 bxc3 27. Rxc3 $2 (27. Nh6+ $1 $18 Kf8 28. Bxg6) 27... Ne6 28. Nxe6 (28. Nxf6+ $16 Bxf6 29. Qxf6 Nxf4 30. Qxd6 Nxh3+ 31. gxh3 Rxd6 32. Rxc8+ Bxc8 33. h4) 28... Qxe6 $11 29. Rec1 h5 (29... Rxc3 $11 {keeps the balance.} 30. Rxc3 Qd6) 30. Nf2 f5 31. Rc7 (31. Rxc8 $1 $16 Rxc8 32. Rxc8+ Bxc8 33. Nd3) 31... Rxc7 32. Rxc7 Rd7 33. Rxd7 Qxd7 34. Qb6 (34. Nd3 {keeps more tension.} Qc7 35. f4 Kh7 36. Kh2 h4 37. Ne5) 34... Kh7 (34... Qc6 $14 35. Qxc6 Bxc6) 35. Nd3 Qc6 36. Qxc6 Bxc6 $16 {[%mdl 4096] Endgame KBB-KBN} 37. Ne5 Be8 38. f4 Kg7 39. Kf2 Kf6 40. Nf3 Ke6 41. Ke2 Kd6 42. Kd2 Bf6 43. Nd4 Kc5 {[#]} 44. Kc3 $1 Bd7 45. a3 Bh4 46. Nf3 Bf6+ 47. Ne5 Be8 48. b4+ axb4+ 49. axb4+ Kd6 50. Kd4 Bd8 51. g3 (51. Kd3 $16) 51... Bb6+ ({Black should try} 51... h4 $1 $14 52. gxh4 Bxh4) 52. Kd3 Ke6 53. Ba2 Kd6 54. Nf3 Bb5+ 55. Kd2 Bd8 56. Bb1 Bf6 57. Bd3 Be8 58. Nd4 Bf7 59. h4 Bxd4 60. exd4 {KB-KB} Be8 61. Kc3 Kc6 62. Kb3 Kb6 63. Ka3 Bd7 64. Bc2 {Threatens to win with Ba4.} Be8 65. Ba4 Bf7 66. Bd7 {Strongly threatening b5.} Kc7 {[#]} 67. Bb5 $1 Kb7 68. Kb3 Kc7 69. Ba6 {Hoping for Ka4.} Kb6 70. b5 (70. Be2 $16) 70... Be6 $11 {The position is equal.} 71. Kb4 Bd7 72. Ka4 Be6 73. Kb4 Bd7 74. Ka4 Be6 75. Kb4 {Weighted Error Value: White=0.22/Black=0.32} 1/2-1/2